<?xml version="1.0" encoding="UTF-8"?>
<collection xmlns="http://www.loc.gov/MARC21/slim">
 <record>
  <leader>02077nam a2200337 a 4500</leader>
  <controlfield tag="001">eep9781781007990</controlfield>
  <controlfield tag="003">DLC</controlfield>
  <controlfield tag="005">20041104152807.0</controlfield>
  <controlfield tag="006">m     o  d        </controlfield>
  <controlfield tag="007">cr un|||||||||</controlfield>
  <controlfield tag="008">030328s2003    enka    ob    001 0 eng d</controlfield>
  <datafield tag="010" ind1=" " ind2=" ">
   <subfield code="a">  2003045753</subfield>
  </datafield>
  <datafield tag="020" ind1=" " ind2=" ">
   <subfield code="a">9781781007990 (e-book)</subfield>
  </datafield>
  <datafield tag="040" ind1=" " ind2=" ">
   <subfield code="a">DLC</subfield>
   <subfield code="c">DLC</subfield>
   <subfield code="d">DLC</subfield>
  </datafield>
  <datafield tag="050" ind1=" " ind2="4">
   <subfield code="a">HB615</subfield>
   <subfield code="b">.S477 2003</subfield>
  </datafield>
  <datafield tag="082" ind1="0" ind2="0">
   <subfield code="a">338/.04</subfield>
   <subfield code="2">21</subfield>
  </datafield>
  <datafield tag="100" ind1="1" ind2=" ">
   <subfield code="a">Shane, Scott Andrew,</subfield>
   <subfield code="d">1964-</subfield>
  </datafield>
  <datafield tag="245" ind1="1" ind2="2">
   <subfield code="a">A general theory of entrepreneurship</subfield>
   <subfield code="h">[electronic resource] :</subfield>
   <subfield code="b">the individual-opportunity nexus /</subfield>
   <subfield code="c">Scott Shane.</subfield>
  </datafield>
  <datafield tag="260" ind1=" " ind2=" ">
   <subfield code="a">Cheltenham, U.K. ;</subfield>
   <subfield code="a">Northampton, Mass. :</subfield>
   <subfield code="b">E. Elgar,</subfield>
   <subfield code="c">c2003.</subfield>
  </datafield>
  <datafield tag="300" ind1=" " ind2=" ">
   <subfield code="a">1 online resource (xiv, 327 p.) :</subfield>
   <subfield code="b">ill.</subfield>
  </datafield>
  <datafield tag="490" ind1="1" ind2=" ">
   <subfield code="a">New horizons in entrepreneurship</subfield>
  </datafield>
  <datafield tag="504" ind1=" " ind2=" ">
   <subfield code="a">Includes bibliographical references (p. 271-314) and index.</subfield>
  </datafield>
  <datafield tag="505" ind1="0" ind2=" ">
   <subfield code="a">1. Introduction -- 2. The role of opportunities -- 3. The discovery of entrepreneurial opportunities -- 4. Individual differences and the decision to exploit -- 5. Psychological factors and the decision to exploit -- 6. Industry differences in entrepreneurial activity -- 7. The environmental context of entrepreneurship -- 8. Resource acquisition -- 9. Entrepreneurial strategy -- 10. The organizing process -- 11. Conclusions.</subfield>
  </datafield>
  <datafield tag="520" ind1=" " ind2=" ">
   <subfield code="a">In the first exhaustive treatment of the field in 20 years, Scott Shane extends the analysis of entrepreneurship by offering an overarching conceptual framework that explains the different parts of the entrepreneurial process - the opportunities, the people who pursue them, the skills and strategies used to organize and exploit opportunities, and the environmental conditions favorable to them - in a coherent way.</subfield>
  </datafield>
  <datafield tag="650" ind1=" " ind2="0">
   <subfield code="a">Entrepreneurship.</subfield>
  </datafield>
  <datafield tag="655" ind1=" " ind2="7">
   <subfield code="a">Electronic books.</subfield>
   <subfield code="2">lcsh</subfield>
  </datafield>
  <datafield tag="710" ind1="2" ind2=" ">
   <subfield code="a">Edward Elgar Publishing.</subfield>
  </datafield>
  <datafield tag="776" ind1="1" ind2=" ">
   <subfield code="z">1843763826 (cased)</subfield>
   <subfield code="z">1843769964 (pbk.)</subfield>
   <subfield code="z">9781843763826 (hardback)</subfield>
   <subfield code="z">9781843769965 (pbk.)</subfield>
  </datafield>
  <datafield tag="830" ind1=" " ind2="0">
   <subfield code="a">New horizons in entrepreneurship.</subfield>
  </datafield>
  <datafield tag="856" ind1="4" ind2="0">
   <subfield code="u">https://www.elgaronline.com/view/1843763826.xml</subfield>
  </datafield>
  <datafield tag="911" ind1=" " ind2=" ">
   <subfield code="a">2010_and_before_Business</subfield>
   <subfield code="b">2010_and_before</subfield>
   <subfield code="c">Business</subfield>
  </datafield>
 </record>
</collection>
